| 000 | 00645cam a22001815a 4500 | ||
|---|---|---|---|
| 001 | L155982 | ||
| 008 | 120424s1874 xxk f 000 0 eng d | ||
| 035 | _a(Sirsi) u155982 | ||
| 041 | 0 | _aeng | |
| 100 | 1 | _aHore, Philip Herbert | |
| 245 | 0 | 3 |
_aAn explanation of ancient terms and measures of land _bwith some account of old tenures _cCollected and comp. from various sources, and arranged in alphabetical order, by Philip H. Hore |
| 260 |
_aLondon _bB. M. Pickering _c1874 |
||
| 300 |
_a72 p. _c23 cm. |
||
| 583 |
_aCondition reviewed _c20120620 _lcondition level 1 |
||
| 651 | 4 |
_aGreat Britain _y1707- |
|
| 690 |
_aLand use _96251 |
||
| 942 | _n0 | ||
| 999 |
_c113959 _d113959 |
||